Core MCSE : networking essentials /

Đã lưu trong:
Chi tiết về thư mục
Tác giả chính: Keogh, James Edward, 1948-
Định dạng: Sách
Ngôn ngữ:English
Được phát hành: Upper Saddle river, NJ : Prentice Hall PTR, 1997.
Những chủ đề:
Các nhãn: Thêm thẻ
Không có thẻ, Là người đầu tiên thẻ bản ghi này!
Thư viện lưu trữ: Mạng thư viện Đại học Đà Nẵng
LEADER 00936cam a2200337 i 4500
001 000045177
003 4308
005 20030226085632.0
008 010220|1997 vm 000 eng
020 |a 0130107336 
040 |a IRC  |c IRC  |d IRC 
041 0 |a eng 
082 1 4 |a 004.6  |b KE-J 
100 1 |a Keogh, James Edward,  |d 1948- 
245 0 0 |a Core MCSE :  |b networking essentials /  |c James Edward Keogh. 
260 |a Upper Saddle river, NJ :  |b Prentice Hall PTR,  |c 1997. 
300 |a xviii, 358p. :  |b ill. 
630 0 4 |a Computer. 
650 0 4 |a Computer networks. 
650 0 4 |a Electronic data processing personnel  |x Certification. 
650 0 4 |a Microsoft software  |x Examinations  |x Study guides. 
OWN |a DUT 
999 |a From the UDN01 
TYP |a Monograph 
TYP |a Printed language 
980 |a Mạng thư viện Đại học Đà Nẵng